Tvorba podnikateľskej stratégie vo vybranom podniku diplomová práca

Salvato in:
Dettagli Bibliografici
Autore principale: Ďurfinová, Dagmara
Ente Autore: Fakulta podnikového manažmentu EU. Katedra manažmentu
Altri autori: Vogl, Michaela
Natura: Libro
Lingua:slovacco
Pubblicazione: Bratislava 2015
Tags: Aggiungi Tag
Nessun Tag, puoi essere il primo ad aggiungerne!!

MARC

LEADER 00000nbm a2200000 4500
001 0201256
005 20161212101148.4
041 0 |a slo 
044 |a SK 
245 1 0 |a Tvorba podnikateľskej stratégie vo vybranom podniku  |b diplomová práca  |c Dagmara Ďurfinová ; školiteľ: Michaela Vogl 
264 1 |a Bratislava  |c 2015 
300 |a 78 s. 
100 1 |a Ďurfinová, Dagmara 
700 1 |a Vogl, Michaela 
710 2 |a Fakulta podnikového manažmentu EU. Katedra manažmentu